000 01339cam a2200337 4500
008 030919n2003 000 0 eng u
020 _a0728204185
035 _a(Sirsi) u123662
041 _aeng
050 _a333.332
_c18
100 _aAskham, Phil
245 _aValuation: special properties and purposes
260 _aLondon
_bEstates Gazette
_c2003
300 _axii,206p. ; 22cm.
350 _a£26.00
520 _aCollection of ten chapters covering topics concerning the valuation range of special properties such as woodlands and telecommunications installations and the valuation of general properties for special purposes such as land compensation and dilapidations. This book helps fill the gap between the extremes of neglect and detailed consideration in existing texts by providing an authoritative and yet accessible treatment of several complex and technical subjects [EG]
650 _aCABLES
650 _aCOMPENSATION
650 _aCONTAMINATED LAND
650 _aCOUNCIL TAX
650 _aEXPERT EVIDENCE
650 _aLAND
650 _aLANDLORD AND TENANT ACT 1927
650 _aMILK QUOTAS
650 _aPLANT AND MACHINERY
650 _aRIGHTS TO LIGHT
650 _aTELECOMMUNICATIONS
650 _aWOODLANDS
690 _aPROPERTY-PROPERTY APPRAISAL AND VALUATION
942 _n0
999 _c103083
_d103083